000 00936nam a2200241 a 4500
001 000006087
005 20200929151925.0
008 090826s1996 dr 001 0 spa d
020 _a8484001814
040 _aDO-SdBNP
_bspa
_cBNPHU
082 _a344.01
_bS161i
100 1 _aSalcedo C., Carlos R.
_d1960-
_917137
245 1 4 _aLas infracciones y sanciones penales en el código de trabajo. /
_cCarlos R. Salcedo C. ; prólogo Rafael F.Alburqueque.
260 _aSanto Domingo :
_bTaller,
_c1996.
300 _a95 p. ;
_c23 cm.
490 1 _aEstudios Salcedo & Rodríguez
500 _aIncluye datos biográficos del autor en la solapa
500 _aIncluye referencias bibliográficas y notas al pie de las páginas
504 _aBibliografía: p. 91-95
650 4 _aDerecho laboral
_xLegislación
_zRepública Dominicana
_97806
700 1 _aAlburqueque, Rafael F.
_epról.
_917138
830 0 _aEstudios Salcedo & Rodríguez
_917139
999 _c5883
_d5883